000 00512nam a2200181Ia 4500
008 230917s9999||||xx |||||||||||||| ||und||
020 _cRS639
040 _e231490
_aMAIN
041 _aEnglish
082 _a005.8 S18C(6)
100 _aStallings, William
245 0 _aCryptography and network security: Principles and practice
250 _a6th ed.
260 _aNew Delhi
_bPearson India Education
_c2015
300 _a660 p.
500 _a2269 01/02/2016 HBD15/1721 01/03/2016 Main Budget
942 _cBK
999 _c17867
_d17867